00357nam a2200145Ia 4500008004100000082001700041100001600058245002400074260002700098365000600125600001600131630002400147700001600171730002400187110201s9999 xx 000 0 und d bB7068aE 288 aBetty Neels aThe Magic of Living bMills and Boon Limited b0 aBetty Neels aThe Magic of Living aBetty Neels aThe Magic of Living